UM Logo

The journal of physical education, recreation and dance. (Record no. 6451)

MARC details
000 -LEADER
fixed length control field 00587nam a2200145 4500
008 - FIXED-LENGTH DATA ELEMENTS--GENERAL INFORMATION
fixed length control field 170325b xxu||||| |||| 00| 0 eng d
022 ## - INTERNATIONAL STANDARD SERIAL NUMBER
International Standard Serial Number 0730-3084
082 ## - DEWEY DECIMAL CLASSIFICATION NUMBER
Classification number DPer 613.705 J863 Sept 2015-Apr 2016 v. 86-87
245 ## - TITLE STATEMENT
Title The journal of physical education, recreation and dance.
260 ## - PUBLICATION, DISTRIBUTION, ETC. (IMPRINT)
Place of publication, distribution, etc. Philadelphia:
Name of publisher, distributor, etc. Shape America-Society of Health and Physical Educators,
Date of publication, distribution, etc. cSept 2015-Apr 2016.
300 ## - PHYSICAL DESCRIPTION
Extent various paging;
Other physical details illustrartions;
Dimensions 28 cm.
500 ## - GENERAL NOTE
General note The journal of physical education, recreation and dance.
650 #0 - SUBJECT ADDED ENTRY--TOPICAL TERM
9 (RLIN) 19530
Topical term or geographic name as entry element Physical education
Form subdivision Periodicals
942 ## - ADDED ENTRY ELEMENTS (KOHA)
Source of classification or shelving scheme Dewey Decimal Classification
Koha item type Periodicals
Holdings
Withdrawn status Lost status Source of classification or shelving scheme Damaged status Not for loan Collection code Home library Current library Date acquired Total Checkouts Full call number Barcode Date last seen Price effective from Koha item type Public note
    Dewey Decimal Classification     Periodicals UM Digos College - LIC UM Digos College - LIC 03/25/2017   DPer 613.705 J863 Sept 2015-Apr 2016 v. 86-87 00059 06/08/2021 03/25/2017 Periodicals Bound periodical